000 00721nam a2200265Ia 4500
005 20260302115149.0
008 008 260114s9999 xx 000 0 eng d
020 _a9781472542502
037 _aTextbook
040 _aCRL
040 _beng
040 _cCRL
041 _2eng
041 _aeng
084 _qCRL
100 _aSusan Cahill
_91120877
245 0 _aIrish Literature in the Celtic Tiger Years 1990 to 2008 Gender, Bodies, Memory
260 _bBloomsbury
260 _bBloomsbury Academic
260 _c2011
650 _aLiterary Studies
856 _uhttps://dx.doi.org/10.5040/9781472542502?locatt=label:secondary_bloomsburyCollections
942 _cEBOOK
999 _c1685195
_d1685195